Julius Maggi (1846-1912) ovplyvnil na mnoho rokov trh potravín

Začiatky firmy Maggi. Život Juliusa Maggiho. Úspechy firmy. Zamestnanci. Reklama a stratégia. Spojenie firmy Maggi s Nestlé AG.

Salvato in:
Dettagli Bibliografici
Natura: Libro
Lingua:slovacco
Soggetti:
Tags: Aggiungi Tag
Nessun Tag, puoi essere il primo ad aggiungerne!!

MARC

LEADER 00000nam a2200000 4500
001 r030169
005 20230626070137.8
041 0 |a slo 
044 |a SK 
245 1 0 |a Julius Maggi (1846-1912)  |b ovplyvnil na mnoho rokov trh potravín 
520 |a Začiatky firmy Maggi. Život Juliusa Maggiho. Úspechy firmy. Zamestnanci. Reklama a stratégia. Spojenie firmy Maggi s Nestlé AG. 
610 2 0 |a potraviny 
610 2 0 |a pochutiny 
610 2 0 |a Švajčiarsko 
610 2 0 |a podmienky sociálne 
610 2 0 |a reklama 
610 2 0 |a stratégia obchodná 
610 2 0 |a Maggi 
610 2 0 |a história 
610 2 0 |a Maggi, J. 
610 2 0 |a Nestlé